000 00497nam a2200181Ia 4500
001 4551
005 20260306145804.0
008 260306t2008||||xx |||||||||||||| ||spa||
041 _aESP
082 _a324.63
_bI59A
100 _aInstituto Interamericano de Derechos Humanos
_eAUT
245 0 _aLecciones aprendidas en materia de observación electoral en América Latina
260 _c2008
300 _a217 páginas :
_c21 cm.
650 _aGEN
654 _aCDE
942 _cLIB
_dJUS
_fJUS
_2ddc
_n
999 _c4551
_d4551